000 00621nam a2200193Ia 4500
003 IN-BaIIA
008 211028s9999 xx 000 0 eng d
020 _a0-85274-388-2
040 _cIIA Library
080 _a53.081
_bPET
100 _aPetley, B. W.
_915942
245 4 _aThe fundamental physical contants and the frontier of measurement
_c B. W. Petley
260 _aBristol
_bAdam Hilger
_c1988
300 _ax, 347p.
650 _aAstronomy and astrophysics thesaurus
650 _aPhysical contants
_915943
650 _aPhysical measurements
_915944
942 _cBK
999 _c9468
_d9468